Zimna Wojna na świecie - Statystyki

Ogólne statystyki
  • Ten quiz został rozwiązany 11 razy
  • Średni wynik to 10 z 15
Statystyki odpowiedzi
Zagadnienie Odpowiedź % Poprawnych
Jakie bloki państw toczyły tzw. Zimną Wojnę? Amerykański i radziecki
90%
W którym roku wzniesiono Muru Berlińskiego? 1961
80%
Jakie miasto w latach 1948-1949 była w blokadzie nakazanym przez Stalina? Berlin
80%
Kto był przywódcą Kuby podczas kryzysu kubańskiego w 1962 r.? Fidel Castro
80%
Jaka organizacja powstała tuż po II Wojnie Światowej? Organizacja Narodów Zjednoczonych
80%
Wskaż osobę, która powiedziała „Opadła żelazna kurtyna dzieląca nasz kontynent” Winston Churchill
80%
Które państwo nie należało do Układu Warszawskiego? Jugosławia
70%
Jaki radziecki I Sekretarz wprowadził “pieriestrojke”? Michaił Gorbaczow
70%
W którym wydano doktrynę Trumana? 1947
60%
W 1950 rozpoczęła się wojna w Korei
60%
Konflikt trwający w latach 1955-1975 to Wojna wietnamska
60%
W którym roku utworzono Układ Warszawski? 1955
40%
Wskaż państwo, które nie było państwem założycielski NATO. Hiszpania
40%
W jakiej dekadzie doszło do największego stopnia dekolonizacji? Lata 60.
40%
Kiedy ostatecznie rozpadł ZSRR? 26 grudnia 1991
30%
Nie znaleziono quizów pasujących do podanych kryteriów
Rozkład punktacji
Procent ludzi z każdym wynikiem
Percentyl według liczby udzielonych odpowiedzi
Twoja historia wyników
Nie rozwiązałeś tego quizu